000 00514nam a2200181Ia 4500
001 3573
005 20260306145653.0
008 260306t1990||||xx |||||||||||||| ||spa||
041 _aESP
082 _a289.8
_bJ81R
100 _aJuan Pablo II, Papa
_eAUT
245 0 _aCarta encíclica redemptoris missio del Sumo Pontífice Juan Pablo II sobre la permanente validez del mandato misionero
260 _c1990
300 _a154 páginas :
_c20 cm.
650 _aGEN
654 _aCHU
942 _cLIB
_dJUS
_fJUS
_2ddc
_n
999 _c3573
_d3573